Quiz sur l'architecture - Statistiques

Statistiques générales
  • Ce quiz a été pris 125 fois
  • Le résultat moyen est 4 sur 10
Statistiques - réponses
Question Réponse % Correct
Quelle style précède le style gothique ? Le style roman
64%
L'architecture de la renaissance s'inspire de quelle autre architecture ? De l'architecture romaine
62%
Quel était le premier projet de grande envergure de Charles Garnier ? L'opéra Garnier
62%
D'où vient le mot architecture ? Du mot pour définir chef de construction en grec ancien
59%
Quel est le principe de l’unité d’habitation de grandeur conforme créée par Le Corbusier ? De contenir dans un bâtiment tous les équipements collectifs nécessaire à la vie
58%
D'où vient le style Tudor ? Angleterre
42%
La plupart des universités sont dans quel style architectural moderne ? Le brutalisme
36%
Quel ensemble de bâtiments est un emblème de la ville de Créteil ? Les choux
23%
Que dit-on de l'architecture ? L'expression de la culture
22%
Lequel de ces styles l'historicisme a-t-il inventé ? Le néo-romain
19%
Aucun quiz correspondant
Distribution des résultats
% des personnes avec chaque résultat
Percentile par nombre de réponses
Votre historique - résultats
Vous n’avez pas pris ce quiz